| 000 | 02521cam a22003978i 4500 | ||
|---|---|---|---|
| 001 | 21223327 | ||
| 003 | NUST | ||
| 005 | 20220825122334.0 | ||
| 006 | m |o d | | ||
| 007 | cr ||||||||||| | ||
| 008 | 190926s2019 nyu o 000 0 eng | ||
| 010 | _a 2019025240 | ||
| 020 |
_a9781982115746 _q(ebook) |
||
| 020 |
_z9781982113223 _q(paperback) |
||
| 038 | _aAzhar | ||
| 040 |
_aDLC _beng _cDLC _erda |
||
| 042 | _apcc | ||
| 050 | 0 | 0 | _aBF408 |
| 082 | 0 | 0 |
_a158.16 _223 _bDAY |
| 100 | 1 |
_aDay, Felicia, _d1979- _eauthor. _995368 |
|
| 245 | 1 | 0 |
_aEmbrace your weird : _ba guided journal for facing your fears and unleashing creativity _cFelicia Day. |
| 260 |
_aNew York : _bGallery Books, _c2019 |
||
| 263 | _a1910 | ||
| 300 | _a1 online resource | ||
| 336 |
_atext _btxt _2rdacontent |
||
| 337 |
_acomputer _bc _2rdamedia |
||
| 338 |
_aonline resource _bcr _2rdacarrier |
||
| 520 |
_a"Face your fears and fuel your creative passions with New York Times bestselling author Felicia Day's workbook for getting motivated, getting inspired, and getting weird. What do I have to offer the world? What if my work doesn't meet others' standards-or my own? How do I combat that nagging fear of failure and just put myself out there? It's time to confront those negative thoughts once and for all, and let your creativity blossom! Actress and bestselling author of You're Never Weird on the Internet (Almost) Felicia Day is here to empower you to overcome what holds you back, be brave enough to be vulnerable, and allow yourself to let loose. Part guided journal, part imaginative workbook, Embrace Your Weird offers a series of exciting exercises to get your creative juices flowing, fun prompts designed to get your imagination unblocked, and plenty of space throughout to just play in the margins and get your neurons firing. Like Wreck This Journal meets You Are a Badass, Embrace Your Weird will help you get back in touch with the joy of creating, and feel confident about what you have to offer to the world!"-- _cProvided by publisher. |
||
| 588 | _aDescription based on print version record and CIP data provided by publisher; resource not viewed. | ||
| 650 | 0 |
_aCreative ability. _97733 |
|
| 650 | 0 |
_aCreative ability _vProblems, exercises, etc. _994740 |
|
| 776 | 0 | 8 |
_iPrint version: _aDay, Felicia, 1979- _tEmbrace your weird _dNew York : Gallery Books, 2019. _z9781982113223 _w(DLC) 2019025239 |
| 906 |
_a7 _bcbc _corignew _d1 _eecip _f20 _gy-gencatlg |
||
| 942 |
_2ddc _cLC |
||
| 999 |
_c590673 _d590673 |
||